01110cam a2200253Ia 4500001001300000005001700013008004100030020001800071020001500089035002100104040004400125041000800169100003400177245023800211260006700449300003500516500011200551600003400663650002000697650005300717650001500770650002400785651004700809ocn87143458520160915144012.0160914s2013 xxuh fr 000 0 spa d a9781278425788 a1278425780 a(OCoLC)871434585 aCo-BoUCMbspacSaul NiñodSaul Niño1 aspa1 aCerdá, Ildefonsod1816-187610aTeoría general de la urbanización y aplicación de sus principios y doctrinas a la reforma y ensanche de Barcelonabla urbanización considerada como un hecho concreto: estadística urbana de Bercelona [...]cIldefonso Cerdá a[Charleston (Carolina del Sur, Estados Unidos)]bNabuc[2013?] axix, 700 páginasbfacsimiles a[Reimpresión facsímil de vol. 2 de la DE. Originalmente publicado: Madrid: Imprenta Española de 1867]1 aCerdá, Ildefonsod1815-1876 7aUrbanización  7aPlaneación de la ciudad zBarcelona (España) 7aUrbanismo  7aCiudades y pueblos  0aBarcelona (España)xCondiciones sociales